[Event "Vienna IM February 2022"]
[Site "Vienna"]
[Date "2022.02.11"]
[Round "8.4"]
[White "Cu Hor, Winston Darwin"]
[Black "Kruckenhauser, Arthur"]
[Result "1-0"]
[WhiteElo "2337"]
[BlackElo "2278"]
[Annotator "ChessBase"]
[PlyCount "61"]
[EventDate "2022.02.06"]
[EventType "tourn"]
[EventCountry "AUT"]
[SourceTitle "playchess.com"]
[Source "ChessBase"]
[SourceQuality "1"]
[TimeControl "40/5400+30:1800+30"]

1. Nf3 {[%emt 0:00:04]} d5 {[%emt 0:02:21]} 2. c4 {[%emt 0:00:13]} e6 {[%emt 0:00:24]} 3. b3 {[%emt 0:00:27]} Nf6 {[%emt 0:00:18]} 4. g3 {[%emt 0:02:20]} Be7 {[%emt 0:11:32]} 5. Bg2 {[%emt 0:01:00]} O-O {[%emt 0:00:29]} 6. O-O {[%emt 0:00:05]} dxc4 {[%emt 0:00:44]} 7. bxc4 {[%emt 0:00:08]} c5 {[%emt 0:00:07]} 8. Nc3 {[%emt 0:02:28]} Nc6 {[%emt 0:02:09]} 9. d3 {[%emt 0:00:05]} a6 {[%emt 0:02:40]} 10. Rb1 {[%emt 0:00:42]} Rb8 {[%emt 0:01:51]} 11. Bf4 {[%emt 0:10:04]} Bd6 {[%emt 0:00:11]} 12. Qc1 {[%emt 0:00:13]} Qc7 {[%emt 0:06:25]} 13. Bg5 {[%emt 0:07:56]} Nd7 {[%emt 0:07:08]} 14. Ne4 {[%emt 0:01:25]} b5 {[%emt 0:00:36]} 15. cxb5 {[%emt 0:02:10]} axb5 {[%emt 0:00:15]} 16. Be3 {[%emt 0:05:26]} Ne7 {[%emt 0:10:56]} 17. d4 {[%emt 0:05:31]} cxd4 {[%emt 0:07:22]} 18. Nxd6 {[%emt 0:05:47]} Qxd6 {[%emt 0:00:06]} 19. Bxd4 {[%emt 0:02:58]} e5 {[%emt 0:07:45]} 20. Bc3 {[%emt 0:02:42]} f6 {[%emt 0:10:47]} 21. Rd1 {[%emt 0:02:57]} Qe6 {[%emt 0:00:24]} 22. Bb4 {[%emt 0:00:14]} Re8 {[%emt 0:01:35]} 23. Qa3 {[%emt 0:00:47]} Nb6 {[%emt 0:06:03]} 24. Bxe7 {[%emt 0:07:05]} Rxe7 {[%emt 0:07:41]} 25. Rxb5 {[%emt 0:01:59]} Rd7 {[%emt 0:04:36]} 26. Rbb1 {[%emt 0:03:10]} Ra8 {[%emt 0:02:04]} 27. Qc5 {[%emt 0:01:16]} Na4 {[%emt 0:02:23]} 28. Qc2 {[%emt 0:02:20]} e4 {[%emt 0:04:41]} 29. Nd4 {[%emt 0:00:45]} Qe5 {[%emt 0:00:25]} 30. Bxe4 {[%emt 0:01:12]} Rc7 {[%emt 0:00:56]} 31. Qb3+ {[%emt 0:00:39]} 1-0

[Event "Vienna IM February 2022"]
[Site "Vienna"]
[Date "2022.02.11"]
[Round "8.5"]
[White "Leisch, Lukas"]
[Black "Baidetskyi, Valentin"]
[Result "1/2-1/2"]
[WhiteElo "2403"]
[BlackElo "2427"]
[Annotator "TA"]
[PlyCount "30"]
[EventDate "2022.02.06"]
[EventType "tourn"]
[EventCountry "AUT"]
[SourceTitle "playchess.com"]
[Source "ChessBase"]
[SourceQuality "1"]

{[%evp 10,21,15,18,21,16,27,18,8,9,15,10,23,22]} 1. e4 c6 2. d4 d5 3. e5 Bf5 4. Nd2 e6 5. Nb3 Nd7 6. Nf3 a6 {B12: Caro-Kann: Advance Variation.} 7. Be2 c5 8. dxc5 Bxc5 9. Nxc5 Nxc5 10. Nd4 Bg6 11. O-O {[#] An uneventful encounter.  Weighted Error Value: White=0.02 (flawless) /Black=0.03 (flawless)} {Predecessor:} Qc7 $146 12. f4 Ne7 13. Be3 O-O 14. c3 Rac8 15. a4 Be4 {½-½ (15) Sikula,V (2528)-Berkes,F (2645) Hungary 2008} 1/2-1/2

[Event "Vienna IM February 2022"]
[Site "Vienna"]
[Date "2022.02.12"]
[Round "9.4"]
[White "Savanovic, Aleksandar"]
[Black "Yankelevich, Lev"]
[Result "0-1"]
[WhiteElo "2391"]
[BlackElo "2444"]
[Annotator "TA"]
[PlyCount "89"]
[EventDate "2022.02.06"]
[EventType "tourn"]
[EventCountry "AUT"]
[SourceTitle "playchess.com"]
[Source "ChessBase"]
[SourceQuality "1"]

{[%evp 28,89,43,27,50,31,30,15,29,21,22,3,0,0,27,0,0,0,17,0,0,0,0,0,0,0,0,0,0,0,0,0,0,-46,-80,-108,-108,-108,-108,-108,-108,-181,21,-108,-108,-108,-108,-223,-250,-243,0,-29988,-29982,-29989,-29990,-29996,-29997,-29997,504,-29996,29975,-29995,29984,1662]} 1. e4 e5 2. Nf3 Nc6 3. Bb5 a6 4. Ba4 Nf6 5. O-O Be7 6. Re1 b5 7. Bb3 O-O 8. c3 d5 9. exd5 Nxd5 10. Nxe5 Nxe5 11. Rxe5 c6 12. d4 Bd6 13. Re1 Qh4 14. g3 Qh3 15. Be3 Ra7 {C89: Closed Ruy Lopez: Marshall Attack.} 16. Qf3 (16. a4 $5 {[%cal Rb3d5]}) 16... Re7 17. Nd2 Rfe8 {The position is equal.} 18. Bxd5 cxd5 19. a4 (19. Qxd5 $2 Bb7 $1 20. Qxb7 Rxb7 $19) 19... b4 $1 20. c4 (20. Qxd5 $2 Bb7 $1 21. Qxb7 Rxb7 $19) 20... dxc4 21. Nxc4 Bb7 $1 22. d5 Bc7 23. Red1 f5 $1 {[%cal Of5f4]} 24. Bb6 Bxb6 25. Nxb6 f4 {[#]} 26. a5 $146 ({Predecessor:} 26. Qxf4 a5 27. Qh4 Qf5 28. Qf4 Qh3 29. Qh4 Qf5 30. Qf4 {½-½ (30) Langer,R (2454)-Frotscher,T (2391) GER email 2020}) 26... fxg3 27. Qxg3 Qf5 28. Rd4 Re2 29. Rf1 Rxb2 30. Nc4 (30. Rf4 $11 Qh5 31. Rg4) 30... Rb1 $15 {...Ree1 is the strong threat.} 31. Nd6 {[%csl LRb7,LRe8,LRf5]} Rxf1+ 32. Kxf1 Qb1+ (32... Qf6 33. Qf4 Qxf4 34. Rxf4 $14) 33. Kg2 Re1 {Really sharp!} (33... Re7 34. Nxb7 Rxb7 35. d6 $16) 34. Kh3 {[#]} (34. Qf3 $17 Qg6+ 35. Qg3) 34... Rg1 $2 35. Qf3 {[#]} (35. Qd3 $1 $11 Qc1 36. Qe3 Bc8+ 37. Nxc8 Qxc8+ 38. Qe6+ Qxe6+ 39. dxe6) 35... Qg6 $1 $17 {Threatens to win with ...Qh6+.} 36. Nxb7 b3 $1 $40 {[%mdl 128] ( -> ...b2). Black has strong attack.} 37. Nc5 (37. Rc4 $17 {is the only way for White.} Qh6+ 38. Rh4) 37... b2 $19 38. d6 {Intending Qa8+ and mate.} ({Don't blunder} 38. Ne6 $2 h5 39. Rb4 b1=Q 40. Rxb1 Qxb1 41. Qf8+ (41. d6 Qf1+ 42. Kh4 Qc4+ 43. Kh3 Qxe6+ 44. Kh4 Qc4+ 45. Kh3 g5 46. Qa8+ Kh7 47. Qa7+ Kg6) 41... Kh7 $19) 38... h6 $2 (38... b1=Q {gets mated.} 39. Qa8+ Kf7 40. Qd5+ Kf8 41. Rf4+) (38... Qh6+ $19 39. Rh4 Qxd6 40. Qb3+ Kh8) 39. d7 $2 {[%mdl 8192]} (39. Qd5+ $11 Kh7 40. Ne6) 39... b1=Q 40. d8=Q+ Kh7 41. Rd5 Qf1+ 42. Kh4 {[#]} Qfb1 $4 {[%mdl 8192]} (42... Qxf2+ $3 {[%mdl 512]} 43. Qg3 Qfxg3+ 44. hxg3 Rh1#) 43. Rd4 $4 {[%mdl 8192]} (43. Qe7 $18 Rc1 44. Qfe4 Qbxe4+ 45. Qxe4) 43... Qe1 $4 {[%mdl 8192]} (43... Qg5+ {and all is fine.} 44. Qxg5 hxg5+ 45. Kh3 Qf1+ 46. Qg2 Qxg2#) 44. Qdd5 $4 {[%mdl 8192]} (44. Ne4 $1 Rg2 45. Nf6+ $1 {[%mdl 512]} Qxf6+ 46. Qdxf6 Rxh2+ 47. Kg3 Qg1+ 48. Kf4 Qc1+ 49. Kf5 Qc2+ 50. Ke6 Qc8+ 51. Rd7 Qxd7+ 52. Kxd7 gxf6 53. Ke6) 44... Qf1 $4 {[%mdl 8192]} (44... Qg5+ {and life is good for Black.} 45. Kh3 Qf1+ 46. Qg2 Qgxg2+ 47. Qxg2 Qxg2+ 48. Kh4 Qxh2#) 45. Qdf5 {[%mdl 32768] What a bad dream for Black.  Weighted Error Value: White=1.04/Black=0.82. Loss on time!?} (45. Ne6 $142 Qg5+ 46. Nxg5+ hxg5+ {[#]} 47. Qxg5 $1 {[%mdl 512]} Rxg5 48. Kxg5 Qc1+ 49. Kg4 Qg1+ 50. Qg3) 0-1